| 000 | 00981cam a22003017a 4500 | ||
|---|---|---|---|
| 003 | CHAP | ||
| 005 | 20220329134519.0 | ||
| 008 | 971013s1964 r 00010 d | ||
| 010 | _a21422 | ||
| 011 | _a22394 | ||
| 035 | _a26489 | ||
| 040 | _cCHAP | ||
| 090 | _aFolleto 17408 | ||
| 100 | 0 | 0 |
_aDuarte, Enrique. _934314 |
| 245 | 1 | 0 | _aUtilización de los lenguajes de cómputo en el desciframiento de códices mayas |
| 260 |
_aZacatenco, D.F. : _bCentro Nacional de Cálculo, _c1964 |
||
| 300 | _a21 p. | ||
| 590 |
_aBATCH-UPD _b10 _c20130110 _lUCH01 _h0318 |
||
| 590 |
_aBATCH-UPD _b10 _c20130110 _lUCH01 _h2032 |
||
| 590 |
_aBATCH-UPD _b10 _c20130409 _lUCH01 _h2350 |
||
| 590 |
_aBATCH-UPD _b10 _c20130914 _lUCH01 _h0816 |
||
| 590 |
_aCONVERSION _b10 _c20130109 _lUCH01 _h1313 |
||
| 650 | 1 | 4 |
_aCalculadoras electrónicas. _917344 |
| 650 | 1 | 4 |
_aManuscritos mayas. _970727 |
| 901 | _aBK | ||
| 942 | _cFOLL | ||
| 949 |
_aFolleto 17408 _bBC _cFOLL _d33724002050884 _eTS1 _gDonaciØn _i26489 _sb |
||
| 999 |
_c21422 _d21422 |
||